| 000 | 00649nam a2200241Ia 4500 | ||
|---|---|---|---|
| 001 | 10565 | ||
| 005 | 20240113235227.0 | ||
| 007 | ta | ||
| 008 | 050804s1945 a g b000 u eng u | ||
| 040 | _aCotton College Assam | ||
| 041 | _aeng | ||
| 082 |
_a942 _bT 728 H |
||
| 100 | _aTrevelyan, George Macaulay. | ||
| 245 | 0 |
_aHistory of England / _cGeorge Macaulay Trevelyan. _hTextual Documents |
|
| 250 | _a1st ed. / | ||
| 260 |
_aNew York : _bLongmans Green & Co , _c1945. |
||
| 300 |
_axxii, 756p. : _bill ; _c20cm . |
||
| 504 | _aIndex | ||
| 653 | _aHistory-England | ||
| 942 |
_2ddc _cBK |
||
| 999 |
_c10552 _d10552 |
||